000 00555 a2200193 4500
260 _aParis
100 _aGroupe de Recherche et d'Echanges technologiques
260 _bGRET
245 _aMatériels pour l'agriculture : 1500 références pour l'équipément des petites et moyennes exploitations
300 _a301 p.
260 _c1992
300 _bill., photo. ; 30 cm
130 _lFr.
035 _a11667
500 _aLa couv. porte en outre : coopération française et CTA
999 _c11891
_d11891